[Event "Tatry op"]
[Site "Tatranske Matliare"]
[Date "2023.05.22"]
[Round "3"]
[White "Vojta, Tomas"]
[Black "Andras, Anton"]
[Result "1-0"]
[WhiteElo "2331"]
[BlackElo "1572"]
[PlyCount "69"]
[EventDate "2023.05.20"]
[EventType "swiss"]
[EventRounds "9"]
[EventCountry "SVK"]
[SourceTitle "CBM 214 Extra"]
[Source "ChessBase"]
[SourceDate "2023.07.31"]
[SourceVersion "1"]
[SourceVersionDate "2023.07.31"]
[SourceQuality "1"]

1. e4 e6 2. d4 d6 3. Nf3 g6 4. h4 h6 5. Nc3 Bg7 6. Be3 Ne7 7. Qd2 Nd7 8. 0-0-0 b6 9. d5 e5 10. g4 a6 11. Rg1 b5 12. Kb1 Nb6 13. Bd3 b4 14. Ne2 a5 15. Nc1 Ba6 16. Bxa6 Rxa6 17. Qd3 Ra8 18. Ne2 0-0 19. h5 g5 20. Nxg5 hxg5 21. Bxg5 f6 22. Bc1 Kf7 23. f4 Rh8 24. Rdf1 Ke8 25. fxe5 dxe5 26. g5 fxg5 27. Rxg5 Bh6 28. Rxe5 Bxc1 29. Nxc1 Qd6 30. Re6 Qh2 31. e5 Kd7 32. Rf7 Nbc8 33. Qb5+ Kd8 34. d6 cxd6 35. exd6 1-0

[Event "SVK-chT2D 2122"]
[Site "Slovakia"]
[Date "2022.03.26"]
[Round "8.2"]
[White "Andras, Anton"]
[Black "Hagara, Martin"]
[Result "0-1"]
[WhiteElo "1566"]
[BlackElo "2171"]
[PlyCount "36"]
[EventDate "2021.10.16"]
[EventType "team-tourn"]
[EventRounds "11"]
[EventCountry "SVK"]
[SourceTitle "EXT 2023"]
[Source "ChessBase"]
[SourceDate "2022.10.05"]
[SourceVersion "1"]
[SourceVersionDate "2022.10.05"]
[SourceQuality "1"]
[WhiteTeam "Kosice Slavia UPJS III"]
[BlackTeam "Kezmarok"]
[WhiteTeamCountry "SVK"]
[BlackTeamCountry "SVK"]

1. e4 e6 2. d4 c5 3. Nf3 cxd4 4. Nxd4 a6 5. Nc3 Nc6 6. Nxc6 bxc6 7. Bd3 d5 8. 0-0 Bc5 9. Qe2 Ne7 10. Na4 Ba7 11. Kh1 a5 12. b3 0-0 13. f4 dxe4 14. Qxe4 f5 15. Qe2 Nd5 16. Ba3 Rf6 17. Rad1 Rh6 18. c4 Rxh2+ 0-1

[Event "Drienica Saris op"]
[Site "Drienica"]
[Date "2020.08.08"]
[Round "2"]
[White "Bednar, Jan"]
[Black "Andras, Anton"]
[Result "1-0"]
[WhiteElo "2018"]
[BlackElo "1584"]
[PlyCount "37"]
[EventDate "2020.08.07"]
[EventType "swiss"]
[EventRounds "9"]
[EventCountry "SVK"]
[SourceTitle "CBM 197 Extra"]
[Source "ChessBase"]
[SourceDate "2020.09.30"]
[SourceVersion "1"]
[SourceVersionDate "2020.09.30"]
[SourceQuality "1"]

1. c4 e5 2. Nc3 Nc6 3. g3 Bb4 4. Bg2 Bxc3 5. bxc3 Nf6 6. e4 0-0 7. Ne2 d6 8. 0-0 Be6 9. d3 h6 10. Rb1 b6 11. f4 Bg4 12. h3 Bxe2 13. Qxe2 Qd7 14. Be3 Rad8 15. d4 Rfe8 16. fxe5 dxe5 17. d5 Na5 18. Bxh6 c5 19. Bg5 1-0

[Event "SVK-chT2D 1718"]
[Site "Slovakia"]
[Date "2018.02.25"]
[Round "9.8"]
[White "Dziak, Miroslav"]
[Black "Andras, Anton"]
[Result "0-1"]
[WhiteElo "1765"]
[BlackElo "1589"]
[PlyCount "117"]
[EventDate "2017.10.28"]
[EventType "team-tourn"]
[EventRounds "11"]
[EventCountry "SVK"]
[SourceTitle "EXT 2019"]
[Source "ChessBase"]
[SourceDate "2018.10.10"]
[SourceVersion "1"]
[SourceVersionDate "2018.10.10"]
[SourceQuality "1"]
[WhiteTeam "Poprad LS VD"]
[BlackTeam "Kosice Slavia UPJS III"]
[WhiteTeamCountry "SVK"]
[BlackTeamCountry "SVK"]

1. e4 e6 2. d4 d5 3. Nd2 Nf6 4. e5 Nfd7 5. f4 c5 6. Ngf3 cxd4 7. Nxd4 Nc6 8. N2f3 a6 9. c3 Qb6 10. b3 Nc5 11. Nxc6 bxc6 12. Be3 Qc7 13. Qc2 Be7 14. Be2 Nd7 15. 0-0 c5 16. c4 Nb6 17. Rac1 d4 18. Bf2 Bb7 19. Nd2 0-0 20. Bf3 Bxf3 21. Nxf3 Nd7 22. Qe4 Rfd8 23. Bh4 Bxh4 24. Nxh4 Nf8 25. f5 exf5 26. Nxf5 Ne6 27. Nd6 Rf8 28. Rxf7 Rxf7 29. Qxa8+ Rf8 30. Qd5 Qe7 31. Rf1 Rxf1+ 32. Kxf1 Kf8 33. Qf3+ Kg8 34. Qa8+ Qf8+ 35. Qxf8+ Kxf8 36. Ke2 Ke7 37. Ne4 h6 38. h4 Kd7 39. Kf3 Ke7 40. a3 a5 41. Nd6 Nd8 42. Ke4 Ke6 43. Nf5 g5 44. Nxh6 gxh4 45. Nf5 Nf7 46. Nxh4 Nxe5 47. g3 a4 48. bxa4 Nxc4 49. Nf3 Nd6+ 50. Kd3 Kd5 51. g4 c4+ 52. Kd2 Ne4+ 53. Kc1 d3 54. Nd2 Nxd2 55. Kxd2 Kd4 56. a5 c3+ 57. Kd1 Ke3 58. a6 c2+ 59. Kc1 0-1

[Event "Tatry op"]
[Site "Tatranske Zruby"]
[Date "2013.10.03"]
[Round "6"]
[White "Andras, Anton"]
[Black "Nagy, Edmund1111"]
[Result "1/2-1/2"]
[WhiteElo "1614"]
[BlackElo "1692"]
[PlyCount "34"]
[EventDate "2013.09.29"]
[EventType "swiss"]
[EventRounds "9"]
[EventCountry "SVK"]
[SourceTitle "EXT 2023"]
[Source "ChessBase"]
[SourceDate "2022.10.05"]
[SourceVersion "1"]
[SourceVersionDate "2022.10.05"]
[SourceQuality "1"]

1. e4 d6 2. d4 Nf6 3. Nc3 g6 4. Nf3 Bg7 5. Be2 c6 6. a4 0-0 7. h3 b6 8. 0-0 Qc7 9. Be3 Nbd7 10. Qb1 e5 11. dxe5 Nxe5 12. Nxe5 dxe5 13. Qa2 Be6 14. Qa3 Rfd8 15. Rad1 Rxd1 16. Rxd1 Rd8 17. Qa1 Rd7 1/2-1/2

[Event "Tatry op"]
[Site "Tatranske Zruby"]
[Date "2013.10.02"]
[Round "5"]
[White "Silhavy, Miroslav"]
[Black "Andras, Anton"]
[Result "1-0"]
[WhiteElo "1781"]
[BlackElo "1614"]
[PlyCount "77"]
[EventDate "2013.09.29"]
[EventType "swiss"]
[EventRounds "9"]
[EventCountry "SVK"]
[SourceTitle "EXT 2023"]
[Source "ChessBase"]
[SourceDate "2022.10.05"]
[SourceVersion "1"]
[SourceVersionDate "2022.10.05"]
[SourceQuality "1"]

1. e4 e6 2. d4 d5 3. e5 c5 4. c3 Qb6 5. Nf3 Bd7 6. a3 Bb5 7. Bxb5+ Qxb5 8. b4 c4 9. a4 Qb6 10. 0-0 Ne7 11. Na3 Nf5 12. g4 Ne7 13. Nb5 Nec6 14. Bf4 a6 15. Nd6+ Bxd6 16. exd6 0-0 17. Qc2 Nd7 18. Rfe1 Na7 19. Ng5 g6 20. Nf3 Nc8 21. Ne5 Rd8 22. Bg5 f6 23. Nxd7 Rxd7 24. Bxf6 Qxd6 25. Qe2 Kf7 26. Qf3 Kg8 27. Re5 Rf7 28. Rae1 Nb6 29. Rxe6 Qc7 30. a5 Nd7 31. Re8+ Rxe8 32. Rxe8+ Nf8 33. Qxd5 Qf4 34. g5 Qg4+ 35. Kf1 Qd1+ 36. Re1 Qg4 37. Re4 Qh3+ 38. Kg1 Qxc3 39. Re7 1-0

[Event "Tatry op"]
[Site "Tatranske Zruby"]
[Date "2013.09.30"]
[Round "2"]
[White "Andras, Anton"]
[Black "Paniez, Fabien"]
[Result "1-0"]
[WhiteElo "1614"]
[BlackElo "1000"]
[PlyCount "82"]
[EventDate "2013.09.29"]
[EventType "swiss"]
[EventRounds "9"]
[EventCountry "SVK"]
[SourceTitle "EXT 2023"]
[Source "ChessBase"]
[SourceDate "2022.10.05"]
[SourceVersion "1"]
[SourceVersionDate "2022.10.05"]
[SourceQuality "1"]

1. e4 d5 2. exd5 Qxd5 3. Nc3 Qa5 4. d4 c6 5. Nf3 Bg4 6. h3 Bh5 7. Be2 Nd7 8. 0-0 e6 9. Bd2 Qc7 10. Rb1 Ngf6 11. b4 b5 12. Ng5 Bg6 13. Bf3 Be7 14. g3 a6 15. Nge4 0-0 16. Nxf6+ Nxf6 17. Bf4 Bd6 18. Bxd6 Qxd6 19. Re1 Rfd8 20. Ne2 Ne4 21. Bxe4 Bxe4 22. Rb2 Bf3 23. c3 a5 24. a3 a4 25. Qd3 Bd5 26. Qd2 Re8 27. Nf4 Bc4 28. Re5 f6 29. Rh5 g5 30. Qc2 gxf4 31. Qxh7+ Kf8 32. Rh6 e5 33. Rg6 Bf7 34. Qg7+ Ke7 35. dxe5 Qe6 36. Rxf6 Rg8 37. Rxe6+ Kxe6 38. Qf6+ Kd7 39. Qxf7+ Kc8 40. Qxg8+ Kb7 41. Qxa8+ Kxa8 1-0

[Event "Tatry op"]
[Site "Tatranske Zruby"]
[Date "2013.09.29"]
[Round "1"]
[White "Diviak, Rudolf"]
[Black "Andras, Anton"]
[Result "1-0"]
[WhiteElo "1797"]
[BlackElo "1614"]
[PlyCount "69"]
[EventDate "2013.09.29"]
[EventType "swiss"]
[EventRounds "9"]
[EventCountry "SVK"]
[SourceTitle "EXT 2023"]
[Source "ChessBase"]
[SourceDate "2022.10.05"]
[SourceVersion "1"]
[SourceVersionDate "2022.10.05"]
[SourceQuality "1"]

1. e4 e6 2. d4 d5 3. exd5 exd5 4. Nf3 Bd6 5. Bg5 Ne7 6. Be2 Bg4 7. 0-0 f6 8. Bh4 Nbc6 9. Re1 g5 10. Bg3 Bxg3 11. fxg3 Qd7 12. Nbd2 0-0-0 13. c3 h5 14. b4 Ng6 15. Qc2 Qh7 16. Bd3 Nce7 17. Rxe7 Qxe7 18. Bxg6 h4 19. Re1 Qg7 20. Bf5+ Bxf5 21. Qxf5+ Kb8 22. g4 h3 23. g3 Qf7 24. Nxg5 Qd7 25. Qxd7 Rxd7 26. Ngf3 Rg7 27. Re6 Rf8 28. Kf2 Rxg4 29. Ng1 Rh8 30. Rxf6 Rgg8 31. Ndf3 Rg4 32. Nxh3 Re4 33. Nhg5 Re7 34. h4 Rhe8 35. Ne5 1-0